000 00416nam a2200157Ia 4500
008 210716s2011 xx 000 0 und d
020 _a9788131723135
041 _aeng
082 _a620.00151 ETTD
100 _aEtter, Delores M; Kuncicky, David C; Moore, Holly.
245 _aIntroduction to matlab 7
250 _a1
260 _aNew Delhi
_bPearson
_c2011
300 _axix,283
650 _aMatlab(620.00151)
999 _c191973
_d191973